[Event "MCR_CF18"]
[Site "?"]
[Date "2007.??.??"]
[Round "?"]
[White "Novak, Vaclav"]
[Black "Mudra, Oldrich"]
[Result "0-1"]
[WhiteElo "2001"]
[BlackElo "2116"]
[PlyCount "34"]
[EventDate "2007.??.??"]
[EventType "corr"]
[EventRounds "2"]
[SourceDate "2007.09.24"]

1. e4 c6 2. d4 d5 3. e5 Bf5 4. Nc3 e6 5. g4 Bg6 6. Nge2 c5 7. Nf4 Qb6 8. Nxg6
hxg6 9. Na4 Qa5+ 10. c3 cxd4 11. b4 Qc7 12. Qxd4 Nc6 13. Bb5 Nge7 14. Bf4 O-O-O
15. Qd2 d4 16. O-O dxc3 17. Qe1 Nd5 0-1

[Event "MCR_CF18"]
[Site "?"]
[Date "2007.??.??"]
[Round "?"]
[White "Novak, Vaclav"]
[Black "Mikolas, Jan"]
[Result "1/2-1/2"]
[WhiteElo "2001"]
[BlackElo "2123"]
[PlyCount "44"]
[EventDate "2007.??.??"]
[EventType "corr"]
[EventRounds "2"]
[SourceDate "2007.09.24"]

1. b3 e5 2. Bb2 Nc6 3. e3 a6 4. Nf3 e4 5. Nd4 Nxd4 6. Bxd4 d5 7. c4 Nf6 8. Be2
c5 9. Bxf6 Qxf6 10. Nc3 Qg6 11. Qc2 dxc4 12. Bxc4 Qxg2 13. O-O-O Bf5 14. f3 Qh3
15. fxe4 Be6 16. Nd5 Bd6 17. Qc3 Qh6 18. e5 Bb8 19. Nb6 Ra7 20. Bxe6 Qxe6 21.
Qxc5 Bxe5 22. Kb1 f6 1/2-1/2

[Event "MCR_CF18"]
[Site "?"]
[Date "2007.??.??"]
[Round "?"]
[White "Novak, Vaclav"]
[Black "Krizek, Alex"]
[Result "0-1"]
[WhiteElo "2001"]
[BlackElo "1939"]
[PlyCount "72"]
[EventDate "2007.??.??"]
[EventType "corr"]
[EventRounds "2"]
[SourceDate "2007.09.24"]

1. b3 e5 2. Bb2 Nc6 3. e3 d6 4. Nf3 Nf6 5. d4 e4 6. Nfd2 d5 7. Be2 Be7 8. O-O
O-O 9. c4 Re8 10. Nc3 Nb4 11. Qb1 c6 12. a3 Na6 13. Qc2 Bd6 14. c5 Bc7 15. h3
Bf5 16. Rfe1 Qd7 17. Bf1 Bb8 18. Ne2 Qc7 19. g3 Qd7 20. Kh2 Nc7 21. Bg2 Ne6 22.
f4 exf3 23. Qxf5 fxg2 24. Nf4 Nxc5 25. Qxd7 Ncxd7 26. Kxg2 Bc7 27. Rac1 Re7 28.
Kf3 Rae8 29. Bc3 a5 30. b4 g5 31. Ng2 Nh5 32. g4 Ng3 33. bxa5 f5 34. Rb1 fxg4+
35. hxg4 Rf7+ 36. Nf4 gxf4 0-1

[Event "MCR_CF18"]
[Site "?"]
[Date "2007.??.??"]
[Round "?"]
[White "Novak, Vaclav"]
[Black "Jurci, Peter"]
[Result "0-1"]
[WhiteElo "2001"]
[BlackElo "2013"]
[PlyCount "50"]
[EventDate "2007.??.??"]
[EventType "corr"]
[EventRounds "2"]
[SourceDate "2007.09.24"]

1. b3 e5 2. Bb2 Nc6 3. e3 d5 4. Bb5 Bd6 5. f4 Qh4+ 6. g3 Qe7 7. fxe5 Bxe5 8.
Nc3 Nf6 9. Nf3 Bg4 10. Qe2 O-O 11. O-O-O Bxc3 12. Bxc3 Nb4 13. Bxb4 Qxb4 14.
Rdf1 Ne4 15. c3 Qa3+ 16. Kb1 c5 17. Qe1 c4 18. Nd4 a6 19. Ba4 b5 20. Rf4 Be6
21. Rhf1 Qe7 22. bxc4 bxa4 23. d3 Nc5 24. Qd1 dxc4 25. dxc4 Bxc4 0-1

[Event "MCR_CF18"]
[Site "?"]
[Date "2007.??.??"]
[Round "?"]
[White "Novak, Vaclav"]
[Black "Houdek, Vladimir"]
[Result "0-1"]
[WhiteElo "2001"]
[BlackElo "2167"]
[PlyCount "54"]
[EventDate "2007.??.??"]
[EventType "corr"]
[EventRounds "2"]
[SourceDate "2007.09.24"]

1. e4 e5 2. d4 exd4 3. Bc4 Nf6 4. e5 d5 5. Bb5+ Bd7 6. Bxd7+ Nfxd7 7. Qxd4 Nc6
8. Qxd5 Ndxe5 9. Qxd8+ Rxd8 10. Ne2 Nb4 11. Na3 Nc4 12. O-O Nxa3 13. bxa3 Nxc2
14. Rb1 b6 15. Bf4 Nxa3 16. Rb3 c6 17. Ng3 Nc2 18. Nf5 Rd5 19. g4 h5 20. h3
hxg4 21. hxg4 Nd4 22. Re3+ Kd7 23. Ng3 Rh4 24. Bb8 a6 25. Rb1 b5 26. f3 Bc5 27.
Kg2 Nc2 0-1

[Event "MCR_CF18"]
[Site "?"]
[Date "2007.??.??"]
[Round "?"]
[White "Novak, Vaclav"]
[Black "Benes, Jiri"]
[Result "0-1"]
[WhiteElo "2001"]
[BlackElo "1802"]
[PlyCount "76"]
[EventDate "2007.??.??"]
[EventType "corr"]
[EventRounds "2"]
[SourceDate "2007.09.24"]

1. e4 g6 2. d4 Bg7 3. Nc3 c6 4. e5 d6 5. f4 Qc7 6. Bd3 Nh6 7. Nf3 O-O 8. Be3
Qb6 9. Qd2 Qxb2 10. Rb1 Qa3 11. h3 Nf5 12. Bf2 dxe5 13. dxe5 Na6 14. g4 Nh6 15.
O-O Nc5 16. Be2 Ne6 17. f5 Rd8 18. Qe3 gxf5 19. Rb3 Qa5 20. g5 f4 21. Qe4 Nc5
22. Qxf4 Nf5 23. Rb4 Ne6 24. Qe4 c5 25. Rb3 Nfd4 26. Bxd4 cxd4 27. Nd1 Nc5 28.
Qh4 Nxb3 29. Bd3 Nc5 30. Qxh7+ Kf8 31. Nh4 Nxd3 32. Ng6+ Ke8 33. Qg8+ Kd7 34.
Qxf7 Nxe5 35. Qxe7+ Kc6 36. Qxg7 Nxg6 37. Qxg6+ Rd6 38. Qe4+ Kc7 0-1

[Event "MCR_CF18"]
[Site "?"]
[Date "2007.??.??"]
[Round "?"]
[White "Mudra, Oldrich"]
[Black "Novak, Vaclav"]
[Result "1-0"]
[WhiteElo "2116"]
[BlackElo "2001"]
[PlyCount "31"]
[EventDate "2007.??.??"]
[EventType "corr"]
[EventRounds "2"]
[SourceDate "2007.09.24"]

1. d4 g6 2. e4 Bg7 3. c4 d6 4. Nc3 Nc6 5. d5 Ne5 6. Be2 f5 7. exf5 Bxf5 8. f4
Nf7 9. Nf3 Nf6 10. O-O O-O 11. Nd4 Qd7 12. Bf3 Rac8 13. Re1 Nh6 14. Ne6 Rf7 15.
h3 c6 16. g4 1-0

[Event "MCR_CF18"]
[Site "?"]
[Date "2007.??.??"]
[Round "?"]
[White "Mudra, Oldrich"]
[Black "Mikolas, Jan"]
[Result "1-0"]
[WhiteElo "2116"]
[BlackElo "2123"]
[PlyCount "57"]
[EventDate "2007.??.??"]
[EventType "corr"]
[EventRounds "2"]
[SourceDate "2007.09.24"]

1. Nf3 Nf6 2. d4 e6 3. c4 b6 4. g3 Ba6 5. b3 d5 6. Bg2 Bb4+ 7. Bd2 Bd6 8. Nc3
dxc4 9. Ne5 Bxe5 10. dxe5 Nd5 11. bxc4 Nxc3 12. Bxc3 Qxd1+ 13. Rxd1 c6 14. Rd6
O-O 15. Rd4 f6 16. f4 h6 17. exf6 gxf6 18. a3 Kf7 19. O-O Re8 20. Rfd1 Rg8 21.
Kf2 Re8 22. h3 Ke7 23. Bb4+ Kf7 24. Rd8 Bb7 25. Bf3 Rxd8 26. Rxd8 Kg6 27. Bd6
Na6 28. Rd7 Nc5 29. Bxc5 1-0

[Event "MCR_CF18"]
[Site "?"]
[Date "2007.??.??"]
[Round "?"]
[White "Mudra, Oldrich"]
[Black "Krizek, Alex"]
[Result "1-0"]
[WhiteElo "2116"]
[BlackElo "1939"]
[PlyCount "51"]
[EventDate "2007.??.??"]
[EventType "corr"]
[EventRounds "2"]
[SourceDate "2007.09.24"]

1. d4 d5 2. Nf3 e6 3. c4 Nf6 4. Nc3 Bb4 5. e3 O-O 6. Bd2 c6 7. Qc2 Nbd7 8. Be2
b6 9. O-O a5 10. cxd5 exd5 11. a3 Bd6 12. Rac1 Nb8 13. Bd3 Ba6 14. Bxa6 Rxa6
15. Rfe1 Re8 16. e4 dxe4 17. Nxe4 Nxe4 18. Rxe4 Rxe4 19. Qxe4 Ra7 20. Ng5 g6
21. Qh4 h5 22. g4 Qf6 23. gxh5 Re7 24. h6 Qf5 25. f3 Qf6 26. h7+ 1-0

[Event "MCR_CF18"]
[Site "?"]
[Date "2007.??.??"]
[Round "?"]
[White "Mudra, Oldrich"]
[Black "Jurci, Peter"]
[Result "1/2-1/2"]
[WhiteElo "2116"]
[BlackElo "2013"]
[PlyCount "131"]
[EventDate "2007.??.??"]
[EventType "corr"]
[EventRounds "2"]
[SourceDate "2007.09.24"]

1. d4 Nf6 2. c4 g6 3. Nf3 Bg7 4. g3 d6 5. Bg2 O-O 6. O-O c5 7. Nc3 Nc6 8. d5
Na5 9. Nd2 a6 10. Qc2 Rb8 11. b3 b5 12. Bb2 bxc4 13. bxc4 Bh6 14. Ncb1 Bd7 15.
Bc3 Qc7 16. Nb3 Nb7 17. f4 e5 18. Qd3 Qd8 19. N1d2 exf4 20. e3 a5 21. Rae1 a4
22. Nc1 Re8 23. gxf4 Nh5 24. Ne2 Bf5 25. e4 Bg4 26. Qe3 Bxe2 27. Rxe2 Qh4 28.
Ref2 Nd8 29. Ba1 Rb7 30. Qh3 Qxh3 31. Bxh3 Bg7 32. Bg4 Bxa1 33. Rxa1 Nf6 34.
Bf3 Kf8 35. a3 Ree7 36. Re1 Rb2 37. Bd1 Ra2 38. Bxa4 Rxa3 39. Bb5 Ra5 40. Ree2
Nb7 41. h3 Ra3 42. Kg2 Nh5 43. Rf3 Ra2 44. h4 Nf6 45. Rff2 Rb2 46. Kf3 h5 47.
Rf1 Na5 48. Rfe1 Nb3 49. Nxb3 Rxb3+ 50. Kg2 Ra7 51. Re3 Rxe3 52. Rxe3 Ra2+ 53.
Kg3 Ng4 54. Rb3 Ra1 55. Kg2 Ke7 56. Bc6 Re1 57. Rb7+ Kf8 58. Rd7 Ne3+ 59. Kf3
Nxc4 60. Bb5 Na3 61. Rd8+ Kg7 62. Be2 Rh1 63. Re8 f6 64. Re7+ Kf8 65. Re6 Kf7
66. Kg2 1/2-1/2

[Event "MCR_CF18"]
[Site "?"]
[Date "2007.??.??"]
[Round "?"]
[White "Mudra, Oldrich"]
[Black "Houdek, Vladimir"]
[Result "1-0"]
[WhiteElo "2116"]
[BlackElo "2167"]
[PlyCount "35"]
[EventDate "2007.??.??"]
[EventType "corr"]
[EventRounds "2"]
[SourceDate "2007.09.24"]

1. Nf3 d5 2. d4 Nf6 3. c4 dxc4 4. e3 e6 5. Bxc4 a6 6. O-O c5 7. Bb3 Qc7 8. Bd2
cxd4 9. exd4 Bd6 10. Re1 O-O 11. Nc3 Nc6 12. Ne4 Nxe4 13. Rxe4 b6 14. Rc1 Qb7
15. Bc2 Qd7 16. Rh4 g6 17. Ng5 Be7 18. Rxh7 1-0

[Event "MCR_CF18"]
[Site "?"]
[Date "2007.??.??"]
[Round "?"]
[White "Mudra, Oldrich"]
[Black "Benes, Jiri"]
[Result "1-0"]
[WhiteElo "2116"]
[BlackElo "1802"]
[PlyCount "83"]
[EventDate "2007.??.??"]
[EventType "corr"]
[EventRounds "2"]
[SourceDate "2007.09.24"]

1. Nf3 Nf6 2. d4 g6 3. c4 Bg7 4. g3 c5 5. Bg2 O-O 6. O-O Qb6 7. Nc3 d6 8. dxc5
Qxc5 9. Qb3 Nbd7 10. Be3 Qh5 11. Rfd1 Nc5 12. Qa3 Nce4 13. Nxe4 Nxe4 14. Rd5 f5
15. Ra5 a6 16. Rd1 Rb8 17. c5 Nxc5 18. Bxc5 dxc5 19. Rxc5 Bf6 20. Qb3+ Kh8 21.
Qb6 Qh6 22. Ne5 Qg7 23. f4 Ra8 24. a4 g5 25. e3 h5 26. Kh1 g4 27. Rc7 a5 28.
Rd2 h4 29. Bd5 Bxe5 30. fxe5 Re8 31. gxh4 Ra6 32. Qd4 f4 33. Qxf4 Be6 34. Bxb7
Rb6 35. Rd6 Rb4 36. Be4 Rf8 37. Rxe6 Rxf4 38. exf4 Rxe4 39. Rcxe7 Rxf4 40. Rxg7
Kxg7 41. b3 Re4 42. Kg2 1-0

[Event "MCR_CF18"]
[Site "?"]
[Date "2007.??.??"]
[Round "?"]
[White "Mikolas, Jan"]
[Black "Novak, Vaclav"]
[Result "1-0"]
[WhiteElo "2123"]
[BlackElo "2001"]
[PlyCount "37"]
[EventDate "2007.??.??"]
[EventType "corr"]
[EventRounds "2"]
[SourceDate "2007.09.24"]

1. e4 g6 2. d4 Bg7 3. Nc3 d6 4. f4 c5 5. dxc5 Qa5 6. cxd6 Bxc3+ 7. bxc3 Qxc3+
8. Bd2 Qd4 9. Bd3 exd6 10. Ne2 Qc5 11. Bc3 f6 12. Rb1 Nd7 13. Bb5 a5 14. Qd3
Ke7 15. Bd4 Qc7 16. Nc3 Kf8 17. Nd5 Qd8 18. Bxd7 Bxd7 19. Bb6 1-0

[Event "MCR_CF18"]
[Site "?"]
[Date "2007.??.??"]
[Round "?"]
[White "Mikolas, Jan"]
[Black "Mudra, Oldrich"]
[Result "0-1"]
[WhiteElo "2123"]
[BlackElo "2116"]
[PlyCount "70"]
[EventDate "2007.??.??"]
[EventType "corr"]
[EventRounds "2"]
[SourceDate "2007.09.24"]

1. e4 c6 2. d4 d5 3. e5 Bf5 4. Ne2 e6 5. Ng3 Ne7 6. Nxf5 Nxf5 7. c3 c5 8. Bd3
cxd4 9. Bxf5 exf5 10. cxd4 Nc6 11. O-O Be7 12. Be3 O-O 13. Nc3 Qd7 14. Rc1 Rad8
15. Ne2 f6 16. f4 Rc8 17. Nc3 Qe6 18. Bf2 fxe5 19. fxe5 Bg5 20. Rb1 Ne7 21. Qb3
b6 22. Ne2 Qg6 23. Nc3 Qe6 24. Ne2 Qg6 25. Rbe1 f4 26. Nc3 Rcd8 27. Ne4 f3 28.
Nxg5 Qxg5 29. g3 Qg4 30. Be3 Nf5 31. Rf2 Nxg3 32. hxg3 Qxg3+ 33. Kf1 Qh4 34.
Kg1 Rf5 35. Bd2 Rdf8 0-1

[Event "MCR_CF18"]
[Site "?"]
[Date "2007.??.??"]
[Round "?"]
[White "Mikolas, Jan"]
[Black "Krizek, Alex"]
[Result "1-0"]
[WhiteElo "2123"]
[BlackElo "1939"]
[PlyCount "75"]
[EventDate "2007.??.??"]
[EventType "corr"]
[EventRounds "2"]
[SourceDate "2007.09.24"]

1. e4 c5 2. Nf3 Nc6 3. d4 cxd4 4. Nxd4 Nf6 5. Nc3 e5 6. Ndb5 d6 7. Bg5 a6 8.
Na3 b5 9. Bxf6 gxf6 10. Nd5 Bg7 11. c4 Nd4 12. Bd3 Qa5+ 13. Qd2 Qxd2+ 14. Kxd2
Rb8 15. cxb5 axb5 16. Nxb5 Nxb5 17. Bxb5+ Kd8 18. a4 f5 19. exf5 Bxf5 20. Rhd1
Be4 21. Ne3 Bh6 22. Ke2 Ke7 23. f3 Bxe3 24. fxe4 Bd4 25. Rac1 Rhc8 26. b3 Rxc1
27. Rxc1 Bc5 28. Rf1 Rg8 29. g3 Rg6 30. Bc4 Rf6 31. Rxf6 Kxf6 32. a5 Ke7 33. a6
f6 34. Kf3 Kd7 35. Kg4 Be3 36. Kf5 Ke7 37. Bg8 h6 38. Kg6 1-0

[Event "MCR_CF18"]
[Site "?"]
[Date "2007.??.??"]
[Round "?"]
[White "Mikolas, Jan"]
[Black "Jurci, Peter"]
[Result "0-1"]
[WhiteElo "2123"]
[BlackElo "2013"]
[PlyCount "78"]
[EventDate "2007.??.??"]
[EventType "corr"]
[EventRounds "2"]
[SourceDate "2007.09.24"]

1. e4 e6 2. d4 d5 3. Nc3 Bb4 4. e5 c5 5. a3 Bxc3+ 6. bxc3 Ne7 7. Qg4 O-O 8. Nf3
Nbc6 9. Bd3 f5 10. exf6 Rxf6 11. Bg5 e5 12. Bxh7+ Kxh7 13. Qh5+ Kg8 14. Bxf6
gxf6 15. dxe5 Qf8 16. c4 d4 17. exf6 Qxf6 18. Qxc5 d3 19. Rc1 Qc3+ 20. Nd2 dxc2
21. Qg5+ Kf7 22. Qe3 Qd4 23. O-O Bf5 24. Rfe1 Rd8 25. Nf3 Qxe3 26. fxe3 Bd3 27.
Kf2 Ng6 28. e4 Nge5 29. Nd2 Na5 30. c5 Rc8 31. Re3 Rxc5 32. Rg3 Bb5 33. h4 Nd3+
34. Rxd3 Bxd3 35. Ke3 Rc3 36. g4 Rxa3 37. g5 b5 38. h5 b4 39. h6 Kg6 0-1

[Event "MCR_CF18"]
[Site "?"]
[Date "2007.??.??"]
[Round "?"]
[White "Mikolas, Jan"]
[Black "Houdek, Vladimir"]
[Result "0-1"]
[WhiteElo "2123"]
[BlackElo "2167"]
[PlyCount "54"]
[EventDate "2007.??.??"]
[EventType "corr"]
[EventRounds "2"]
[SourceDate "2007.09.24"]

1. e4 e5 2. Nf3 Nc6 3. Bb5 a6 4. Bxc6 dxc6 5. Nc3 Qd6 6. d3 Be7 7. Be3 Nf6 8.
h3 O-O 9. Qd2 Re8 10. O-O-O b5 11. g4 a5 12. g5 Nh5 13. Nh4 b4 14. Na4 Nf4 15.
Rdg1 c5 16. b3 c4 17. Bxf4 exf4 18. dxc4 Qxd2+ 19. Kxd2 h6 20. gxh6 Bxh4 21.
Rxg7+ Kh8 22. Rxf7 Rxe4 23. Rxc7 Bf5 24. Rc5 Bh7 25. f3 Re3 26. Rf1 Rae8 27.
Kd1 Re2 0-1

[Event "MCR_CF18"]
[Site "?"]
[Date "2007.??.??"]
[Round "?"]
[White "Mikolas, Jan"]
[Black "Benes, Jiri"]
[Result "1/2-1/2"]
[WhiteElo "2123"]
[BlackElo "1802"]
[PlyCount "72"]
[EventDate "2007.??.??"]
[EventType "corr"]
[EventRounds "2"]
[SourceDate "2007.09.24"]

1. e4 g6 2. d4 Bg7 3. Nc3 c6 4. Bc4 d6 5. Nf3 Nf6 6. O-O d5 7. exd5 cxd5 8. Bb3
Nc6 9. Bg5 Ne4 10. Nxe4 dxe4 11. Ne5 Qxd4 12. Bxf7+ Kf8 13. Nxc6 Qxd1 14. Raxd1
Kxf7 15. Nxe7 h6 16. Nxc8 Rhxc8 17. Rd7+ Kg8 18. Be3 Rxc2 19. Rxb7 Bxb2 20.
Bxh6 Bd4 21. Rd7 Bb6 22. Rg7+ Kh8 23. Rxg6 Rxa2 24. Re6 Kh7 25. Be3 Bxe3 26.
fxe3 Rd8 27. Rxe4 a5 28. Rh4+ Kg6 29. Rg4+ Kh6 30. Rf6+ Kh7 31. h4 Rb8 32. Ra6
Re8 33. Rd4 Re7 34. Rdd6 Kg7 35. h5 Ra1+ 36. Kh2 Rb1 1/2-1/2

[Event "MCR_CF18"]
[Site "?"]
[Date "2007.??.??"]
[Round "?"]
[White "Krizek, Alex"]
[Black "Novak, Vaclav"]
[Result "1-0"]
[WhiteElo "1939"]
[BlackElo "2001"]
[PlyCount "57"]
[EventDate "2007.??.??"]
[EventType "corr"]
[EventRounds "2"]
[SourceDate "2007.09.24"]

1. e4 g6 2. Nf3 Bg7 3. d4 d6 4. Nc3 c5 5. dxc5 Qa5 6. cxd6 Bxc3+ 7. bxc3 Qxc3+
8. Bd2 Qc6 9. Bd3 exd6 10. Qb1 Nd7 11. Qb2 f6 12. Nd4 Qb6 13. Qxb6 axb6 14. Nb5
Ke7 15. Nc7 Ra4 16. f3 h5 17. Bb5 Ra7 18. O-O Nh6 19. Bc3 Rf8 20. Rfd1 g5 21.
a4 g4 22. Nd5+ Kf7 23. Nf4 gxf3 24. Rxd6 Ne5 25. Nxh5 Nhg4 26. h3 f2+ 27. Kf1
Rh8 28. hxg4 Nxg4 29. Nxf6 1-0

[Event "MCR_CF18"]
[Site "?"]
[Date "2007.??.??"]
[Round "?"]
[White "Krizek, Alex"]
[Black "Mudra, Oldrich"]
[Result "0-1"]
[WhiteElo "1939"]
[BlackElo "2116"]
[PlyCount "46"]
[EventDate "2007.??.??"]
[EventType "corr"]
[EventRounds "2"]
[SourceDate "2007.09.24"]

1. e4 c6 2. Nf3 d5 3. exd5 cxd5 4. d4 Nf6 5. Bd3 Nc6 6. O-O Bg4 7. c3 Qb6 8. h3
Bh5 9. b3 Qc7 10. Re1 e6 11. Bg5 Bd6 12. Nbd2 Rg8 13. Qc2 h6 14. Be3 g5 15. g4
Bg6 16. Bxg6 Rxg6 17. c4 O-O-O 18. c5 Bf4 19. Bxf4 Qxf4 20. Ne5 h5 21. Nxg6
fxg6 22. Qd3 Nxd4 23. gxh5 Nxh5 0-1

[Event "MCR_CF18"]
[Site "?"]
[Date "2007.??.??"]
[Round "?"]
[White "Krizek, Alex"]
[Black "Mikolas, Jan"]
[Result "1/2-1/2"]
[WhiteElo "1939"]
[BlackElo "2123"]
[PlyCount "49"]
[EventDate "2007.??.??"]
[EventType "corr"]
[EventRounds "2"]
[SourceDate "2007.09.24"]

1. e4 e6 2. Nc3 d5 3. exd5 exd5 4. d4 Bb4 5. Bd3 Nf6 6. Nf3 Qe7+ 7. Ne5 Nbd7 8.
O-O Bxc3 9. Nxd7 Bxd7 10. bxc3 O-O 11. Bg5 c6 12. Re1 Qd6 13. Qf3 Bg4 14. Qg3
Qxg3 15. hxg3 Nd7 16. c4 dxc4 17. Bxc4 h6 18. Bd2 Rfe8 19. Bd3 Rxe1+ 20. Rxe1
Be6 21. c4 Nb6 22. Rc1 Rd8 23. Be3 Kf8 24. a3 Na4 25. Be2 1/2-1/2

[Event "MCR_CF18"]
[Site "?"]
[Date "2007.??.??"]
[Round "?"]
[White "Krizek, Alex"]
[Black "Jurci, Peter"]
[Result "0-1"]
[WhiteElo "1939"]
[BlackElo "2013"]
[PlyCount "104"]
[EventDate "2007.??.??"]
[EventType "corr"]
[EventRounds "2"]
[SourceDate "2007.09.24"]

1. e4 e6 2. d4 d5 3. exd5 exd5 4. Nf3 Bd6 5. Nc3 Ne7 6. Nb5 Bb4+ 7. c3 Ba5 8.
Bd3 c6 9. Na3 Bc7 10. O-O O-O 11. Re1 Re8 12. Qc2 h6 13. Bd2 Be6 14. Re2 Nd7
15. Rae1 Bd6 16. c4 Bxa3 17. bxa3 dxc4 18. Bxc4 Nd5 19. Bb3 N7f6 20. Ne5 Qd6
21. a4 Rad8 22. Qd3 Re7 23. a3 Bg4 24. f3 Bc8 25. Bc2 Rc7 26. Nc4 Qf8 27. Bb3
c5 28. a5 cxd4 29. Qxd4 b5 30. axb6 Nxb6 31. Qf4 Rxc4 32. Bxc4 Qc5+ 33. Be3
Qxc4 34. Qxc4 Nxc4 35. Bxa7 Be6 36. Bc5 Rd5 37. Bb4 Rd3 38. Ra1 Nd5 39. Bc5 Kh7
40. Rc2 Na5 41. Bf2 Nb3 42. Re1 g5 43. h3 Kg6 44. Kh2 h5 45. Ree2 h4 46. Re5
Nd2 47. Kh1 Nxf3 48. gxf3 Rxf3 49. a4 Rxh3+ 50. Kg1 Ra3 51. Rc5 Ra1+ 52. Kh2
Rd1 0-1

[Event "MCR_CF18"]
[Site "?"]
[Date "2007.??.??"]
[Round "?"]
[White "Krizek, Alex"]
[Black "Houdek, Vladimir"]
[Result "1/2-1/2"]
[WhiteElo "1939"]
[BlackElo "2167"]
[PlyCount "60"]
[EventDate "2007.??.??"]
[EventType "corr"]
[EventRounds "2"]
[SourceDate "2007.09.24"]

1. e4 e5 2. Nf3 Nc6 3. Bb5 a6 4. Ba4 Nf6 5. O-O Be7 6. Nc3 b5 7. Bb3 O-O 8. d3
d6 9. Nd5 Na5 10. Nxe7+ Qxe7 11. Bd2 Nxb3 12. axb3 Nd7 13. b4 f5 14. c3 fxe4
15. dxe4 Nf6 16. Bg5 h6 17. Bxf6 Qxf6 18. Nd2 Qg6 19. Qe2 h5 20. Qe3 h4 21. f3
Rf7 22. Kf2 Bb7 23. Kg1 Raf8 24. Rf2 Kh7 25. Kh1 Bc8 26. Rg1 Qh5 27. b3 Kg8 28.
Ra1 Rf6 29. Raf1 Rf4 30. Kg1 Kh7 1/2-1/2

[Event "MCR_CF18"]
[Site "?"]
[Date "2007.??.??"]
[Round "?"]
[White "Krizek, Alex"]
[Black "Benes, Jiri"]
[Result "1/2-1/2"]
[WhiteElo "1939"]
[BlackElo "1802"]
[PlyCount "60"]
[EventDate "2007.??.??"]
[EventType "corr"]
[EventRounds "2"]
[SourceDate "2007.09.24"]

1. e4 g6 2. d4 Bg7 3. Nf3 Nf6 4. Nc3 d6 5. Be2 O-O 6. O-O Nc6 7. Be3 Ng4 8. Bg5
h6 9. Bh4 Nf6 10. d5 Nb8 11. Nd4 c6 12. Re1 Qb6 13. Nb3 a5 14. a4 Nbd7 15. Bg3
Ne5 16. Qd4 Qb4 17. Red1 c5 18. Qxb4 cxb4 19. Bxe5 dxe5 20. Nb5 Nxe4 21. Nc7
Ra7 22. Nb5 Ra6 23. Nc7 Rf6 24. f3 Nd6 25. Nxa5 e4 26. fxe4 Nxe4 27. Nb5 Ra6
28. Nc4 Bd7 29. d6 exd6 30. Nbxd6 Nxd6 1/2-1/2

[Event "MCR_CF18"]
[Site "?"]
[Date "2007.??.??"]
[Round "?"]
[White "Jurci, Peter"]
[Black "Novak, Vaclav"]
[Result "1-0"]
[WhiteElo "2013"]
[BlackElo "2001"]
[PlyCount "49"]
[EventDate "2007.??.??"]
[EventType "corr"]
[EventRounds "2"]
[SourceDate "2007.09.24"]

1. d4 g6 2. c4 Bg7 3. Nc3 d6 4. e4 Nc6 5. Be3 Nf6 6. f3 e5 7. Nge2 exd4 8. Nxd4
O-O 9. Qd2 Bd7 10. Be2 Ne5 11. O-O Re8 12. Rad1 a6 13. Bg5 Qb8 14. f4 Nc6 15.
e5 Ng4 16. h3 Nh6 17. Nd5 Nf5 18. Nxf5 Bxf5 19. exd6 cxd6 20. Bf6 Qa7+ 21. Kh2
Rac8 22. Bxg7 Kxg7 23. Qc3+ Kh6 24. Bf3 Be4 25. Nf6 1-0

[Event "MCR_CF18"]
[Site "?"]
[Date "2007.??.??"]
[Round "?"]
[White "Jurci, Peter"]
[Black "Mudra, Oldrich"]
[Result "1/2-1/2"]
[WhiteElo "2013"]
[BlackElo "2116"]
[PlyCount "84"]
[EventDate "2007.??.??"]
[EventType "corr"]
[EventRounds "2"]
[SourceDate "2007.09.24"]

1. d4 Nf6 2. c4 e6 3. Nc3 d5 4. Nf3 c6 5. e3 Nbd7 6. Bd3 dxc4 7. Bxc4 b5 8. Bd3
Bb7 9. e4 b4 10. Na4 c5 11. e5 Nd5 12. O-O cxd4 13. Re1 g6 14. Bg5 Qa5 15. Nxd4
a6 16. a3 bxa3 17. bxa3 Bg7 18. Rb1 Rb8 19. Bd2 Qd8 20. Rxb7 Rxb7 21. Bxa6 Qa8
22. Bxb7 Qxb7 23. f4 O-O 24. Nc3 N7b6 25. Qf3 Rc8 26. Rb1 Qa6 27. Ncb5 Bf8 28.
Qd3 Nc4 29. Bc1 Qa5 30. Kf1 Qa6 31. Kf2 Qa4 32. g3 Bc5 33. Kg2 Rd8 34. Qb3 Qa8
35. Kh3 Ndb6 36. Qf3 Bxd4 37. Qxa8 Nxa8 38. Rb4 Nab6 39. Nxd4 Rxd4 40. Be3 Rd3
41. Bxb6 Nxb6 42. Rxb6 Rxa3 1/2-1/2

[Event "MCR_CF18"]
[Site "?"]
[Date "2007.??.??"]
[Round "?"]
[White "Jurci, Peter"]
[Black "Mikolas, Jan"]
[Result "1-0"]
[WhiteElo "2013"]
[BlackElo "2123"]
[PlyCount "83"]
[EventDate "2007.??.??"]
[EventType "corr"]
[EventRounds "2"]
[SourceDate "2007.09.24"]

1. d4 Nf6 2. c4 e5 3. dxe5 Ng4 4. Bf4 Nc6 5. Nf3 Bb4+ 6. Nbd2 Qe7 7. e3 Ngxe5
8. Nxe5 Nxe5 9. Be2 O-O 10. O-O a5 11. a3 Bxd2 12. Qxd2 Re8 13. b4 b6 14. Qd5
Ra7 15. Rfd1 Ng6 16. Bg3 Qf6 17. Rac1 axb4 18. axb4 Ne7 19. Qf3 Nf5 20. Bd3 d6
21. Bf4 Be6 22. c5 dxc5 23. bxc5 Bb3 24. Re1 Ne7 25. Qg3 Nf5 26. Bxf5 Qxf5 27.
Bxc7 bxc5 28. Bb6 Rd7 29. Rxc5 Qe6 30. Ba5 Bd5 31. h3 f6 32. Rec1 Bb7 33. Bb4
Red8 34. Kh2 Re7 35. f3 Red7 36. e4 Rf7 37. Ba5 Rdd7 38. Rb1 Qe8 39. Rb6 Rd3
40. e5 fxe5 41. Rxe5 Qa4 42. Bb4 1-0

[Event "MCR_CF18"]
[Site "?"]
[Date "2007.??.??"]
[Round "?"]
[White "Jurci, Peter"]
[Black "Krizek, Alex"]
[Result "1-0"]
[WhiteElo "2013"]
[BlackElo "1939"]
[PlyCount "103"]
[EventDate "2007.??.??"]
[EventType "corr"]
[EventRounds "2"]
[SourceDate "2007.09.24"]

1. d4 d5 2. c4 Nf6 3. cxd5 e6 4. dxe6 Bxe6 5. Nf3 Be7 6. Nc3 O-O 7. e3 c5 8.
Be2 Nc6 9. O-O a6 10. dxc5 Bxc5 11. Qc2 Rc8 12. a3 Qc7 13. Ng5 Qe5 14. Nxe6
Qxe6 15. Bd3 g6 16. Rd1 Rfd8 17. Qe2 Ne5 18. Bc2 Rxd1+ 19. Qxd1 Bd6 20. Bb3 Nc4
21. Bxc4 Rxc4 22. Bd2 Qe5 23. g3 Qf5 24. Qe2 Rc8 25. e4 Qe6 26. Bg5 Be5 27.
Bxf6 Bxf6 28. Nd5 Bg7 29. Re1 f5 30. b4 fxe4 31. Qxe4 Qxe4 32. Rxe4 Rd8 33. Nc7
Bb2 34. a4 Rd7 35. Ne6 b5 36. a5 Bc3 37. Nc5 Rd6 38. Kf1 Rd1+ 39. Kg2 Rd6 40.
Kf3 Kf7 41. Rf4+ Ke7 42. Ne4 Rc6 43. Nxc3 Rxc3+ 44. Kg4 h6 45. h4 Rc7 46. h5 g5
47. Re4+ Kf7 48. Rd4 Ke7 49. Kf5 Rc6 50. f4 Rf6+ 51. Ke5 gxf4 52. Rxf4 1-0

[Event "MCR_CF18"]
[Site "?"]
[Date "2007.??.??"]
[Round "?"]
[White "Jurci, Peter"]
[Black "Houdek, Vladimir"]
[Result "1-0"]
[WhiteElo "2013"]
[BlackElo "2167"]
[PlyCount "77"]
[EventDate "2007.??.??"]
[EventType "corr"]
[EventRounds "2"]
[SourceDate "2007.09.24"]

1. d4 d5 2. c4 dxc4 3. Nf3 Nf6 4. e3 e6 5. Bxc4 c5 6. O-O a6 7. Bb3 Qc7 8. Qe2
Nc6 9. Nc3 Be7 10. dxc5 Bxc5 11. Bd2 O-O 12. Rac1 b6 13. Na4 Be7 14. e4 Bb7 15.
Be3 Nd7 16. Nd4 Nxd4 17. Bxd4 Qf4 18. Bxb6 Nxb6 19. Nxb6 Rad8 20. Bc2 Bc5 21.
Nc4 Qg5 22. Rcd1 Bc6 23. a3 Bd4 24. b4 f5 25. Kh1 fxe4 26. Bxe4 Bxe4 27. Qxe4
Qd5 28. Qe2 e5 29. f3 Qb5 30. Rfe1 Rd5 31. Rc1 Qd7 32. Na5 Rd6 33. Qc4+ Qf7 34.
a4 Qxc4 35. Rxc4 g5 36. Rc6 Rdf6 37. b5 axb5 38. axb5 Kf7 39. Rb1 1-0